<?xml version="1.0" encoding="UTF-8"?>
<record
    xmlns:xsi="http://www.w3.org/2001/XMLSchema-instance"
    xsi:schemaLocation="http://www.loc.gov/MARC21/slim http://www.loc.gov/standards/marcxml/schema/MARC21slim.xsd"
    xmlns="http://www.loc.gov/MARC21/slim">

  <leader>01029pam a2200289 a 4500</leader>
  <controlfield tag="001">2524458</controlfield>
  <controlfield tag="003">OSt</controlfield>
  <controlfield tag="005">20220228153456.0</controlfield>
  <controlfield tag="008">930820s1993    enkab    b    001 0 eng  </controlfield>
  <datafield tag="010" ind1=" " ind2=" ">
    <subfield code="a">   93032221 </subfield>
  </datafield>
  <datafield tag="020" ind1=" " ind2=" ">
    <subfield code="a">0412548402 (alk. paper)</subfield>
  </datafield>
  <datafield tag="040" ind1=" " ind2=" ">
    <subfield code="a">DLC</subfield>
    <subfield code="c">HU</subfield>
    <subfield code="d">DLC</subfield>
  </datafield>
  <datafield tag="050" ind1="0" ind2="0">
    <subfield code="a">TS835</subfield>
    <subfield code="b">.W35 1993</subfield>
  </datafield>
  <datafield tag="082" ind1="0" ind2="0">
    <subfield code="a">674 WAL 1993</subfield>
    <subfield code="2">20</subfield>
  </datafield>
  <datafield tag="100" ind1="1" ind2=" ">
    <subfield code="a">Walker, J. C. F.</subfield>
    <subfield code="9">31864</subfield>
  </datafield>
  <datafield tag="245" ind1="1" ind2="0">
    <subfield code="a">Primary wood processing :</subfield>
    <subfield code="b">principles and practice /</subfield>
    <subfield code="c">J.C.F. Walker ; co-authors, B.G. Butterfield ... [et al.].</subfield>
  </datafield>
  <datafield tag="250" ind1=" " ind2=" ">
    <subfield code="a">1st ed.</subfield>
  </datafield>
  <datafield tag="260" ind1=" " ind2=" ">
    <subfield code="a">London ;</subfield>
    <subfield code="a">New York :</subfield>
    <subfield code="b">Chapman &amp; Hall,</subfield>
    <subfield code="c">1993.</subfield>
  </datafield>
  <datafield tag="300" ind1=" " ind2=" ">
    <subfield code="a">xvi, 595 p. :</subfield>
    <subfield code="b">ill., map ;</subfield>
    <subfield code="c">25 cm.</subfield>
  </datafield>
  <datafield tag="504" ind1=" " ind2=" ">
    <subfield code="a">Includes bibliographical references and indexes.</subfield>
  </datafield>
  <datafield tag="650" ind1=" " ind2="0">
    <subfield code="a">Wood.</subfield>
    <subfield code="9">15391</subfield>
  </datafield>
  <datafield tag="650" ind1=" " ind2="0">
    <subfield code="a">Timber.</subfield>
    <subfield code="9">12075</subfield>
  </datafield>
  <datafield tag="650" ind1=" " ind2="0">
    <subfield code="a">Wood products.</subfield>
    <subfield code="9">31865</subfield>
  </datafield>
  <datafield tag="906" ind1=" " ind2=" ">
    <subfield code="a">7</subfield>
    <subfield code="b">cbc</subfield>
    <subfield code="c">orignew</subfield>
    <subfield code="d">1</subfield>
    <subfield code="e">ocip</subfield>
    <subfield code="f">19</subfield>
    <subfield code="g">y-gencatlg</subfield>
  </datafield>
  <datafield tag="942" ind1=" " ind2=" ">
    <subfield code="2">ddc</subfield>
    <subfield code="c">BOOKS</subfield>
    <subfield code="n">0</subfield>
  </datafield>
  <datafield tag="999" ind1=" " ind2=" ">
    <subfield code="c">31920</subfield>
    <subfield code="d">31920</subfield>
  </datafield>
  <datafield tag="952" ind1=" " ind2=" ">
    <subfield code="0">0</subfield>
    <subfield code="1">0</subfield>
    <subfield code="2">ddc</subfield>
    <subfield code="4">0</subfield>
    <subfield code="7">0</subfield>
    <subfield code="8">REF</subfield>
    <subfield code="a">004</subfield>
    <subfield code="b">004</subfield>
    <subfield code="c">GEN</subfield>
    <subfield code="d">2022-02-28</subfield>
    <subfield code="l">0</subfield>
    <subfield code="o">674 WAL 1993</subfield>
    <subfield code="p">HUWGCFNRL00012099</subfield>
    <subfield code="r">2022-02-28 00:00:00</subfield>
    <subfield code="t">1</subfield>
    <subfield code="w">2022-02-28</subfield>
    <subfield code="y">BOOKS</subfield>
  </datafield>
  <datafield tag="952" ind1=" " ind2=" ">
    <subfield code="0">0</subfield>
    <subfield code="1">0</subfield>
    <subfield code="2">ddc</subfield>
    <subfield code="4">0</subfield>
    <subfield code="7">0</subfield>
    <subfield code="8">REF</subfield>
    <subfield code="a">004</subfield>
    <subfield code="b">004</subfield>
    <subfield code="c">GEN</subfield>
    <subfield code="d">2022-02-28</subfield>
    <subfield code="l">0</subfield>
    <subfield code="o">674 WAL 1993</subfield>
    <subfield code="p">HUWGCFNRL00012100</subfield>
    <subfield code="r">2022-02-28 00:00:00</subfield>
    <subfield code="t">2</subfield>
    <subfield code="w">2022-02-28</subfield>
    <subfield code="y">BOOKS</subfield>
  </datafield>
  <datafield tag="952" ind1=" " ind2=" ">
    <subfield code="0">0</subfield>
    <subfield code="1">0</subfield>
    <subfield code="2">ddc</subfield>
    <subfield code="4">0</subfield>
    <subfield code="7">0</subfield>
    <subfield code="8">REF</subfield>
    <subfield code="a">004</subfield>
    <subfield code="b">004</subfield>
    <subfield code="c">GEN</subfield>
    <subfield code="d">2022-02-28</subfield>
    <subfield code="l">0</subfield>
    <subfield code="o">674 WAL 1993</subfield>
    <subfield code="p">HUWGCFNRL00012101</subfield>
    <subfield code="r">2022-02-28 00:00:00</subfield>
    <subfield code="t">3</subfield>
    <subfield code="w">2022-02-28</subfield>
    <subfield code="y">BOOKS</subfield>
  </datafield>
  <datafield tag="952" ind1=" " ind2=" ">
    <subfield code="0">0</subfield>
    <subfield code="1">0</subfield>
    <subfield code="2">ddc</subfield>
    <subfield code="4">0</subfield>
    <subfield code="7">0</subfield>
    <subfield code="8">REF</subfield>
    <subfield code="a">004</subfield>
    <subfield code="b">004</subfield>
    <subfield code="c">GEN</subfield>
    <subfield code="d">2022-02-28</subfield>
    <subfield code="l">0</subfield>
    <subfield code="o">674 WAL 1993</subfield>
    <subfield code="p">HUWGCFNRL00012102</subfield>
    <subfield code="r">2022-02-28 00:00:00</subfield>
    <subfield code="t">4</subfield>
    <subfield code="w">2022-02-28</subfield>
    <subfield code="y">BOOKS</subfield>
  </datafield>
  <datafield tag="952" ind1=" " ind2=" ">
    <subfield code="0">0</subfield>
    <subfield code="1">0</subfield>
    <subfield code="2">ddc</subfield>
    <subfield code="4">0</subfield>
    <subfield code="7">0</subfield>
    <subfield code="8">REF</subfield>
    <subfield code="a">004</subfield>
    <subfield code="b">004</subfield>
    <subfield code="c">GEN</subfield>
    <subfield code="d">2022-02-28</subfield>
    <subfield code="l">0</subfield>
    <subfield code="o">674 WAL 1993</subfield>
    <subfield code="p">HUWGCFNRL00012103</subfield>
    <subfield code="r">2022-02-28 00:00:00</subfield>
    <subfield code="t">5</subfield>
    <subfield code="w">2022-02-28</subfield>
    <subfield code="y">BOOKS</subfield>
  </datafield>
  <datafield tag="952" ind1=" " ind2=" ">
    <subfield code="0">0</subfield>
    <subfield code="1">0</subfield>
    <subfield code="2">ddc</subfield>
    <subfield code="4">0</subfield>
    <subfield code="7">0</subfield>
    <subfield code="8">REF</subfield>
    <subfield code="a">004</subfield>
    <subfield code="b">004</subfield>
    <subfield code="c">GEN</subfield>
    <subfield code="d">2022-02-28</subfield>
    <subfield code="l">0</subfield>
    <subfield code="o">674 WAL 1993</subfield>
    <subfield code="p">HUWGCFNRL00012104</subfield>
    <subfield code="r">2022-02-28 00:00:00</subfield>
    <subfield code="t">6</subfield>
    <subfield code="w">2022-02-28</subfield>
    <subfield code="y">BOOKS</subfield>
  </datafield>
  <datafield tag="952" ind1=" " ind2=" ">
    <subfield code="0">0</subfield>
    <subfield code="1">0</subfield>
    <subfield code="2">ddc</subfield>
    <subfield code="4">0</subfield>
    <subfield code="7">0</subfield>
    <subfield code="8">REF</subfield>
    <subfield code="a">004</subfield>
    <subfield code="b">004</subfield>
    <subfield code="c">GEN</subfield>
    <subfield code="d">2022-02-28</subfield>
    <subfield code="l">0</subfield>
    <subfield code="o">674 WAL 1993</subfield>
    <subfield code="p">HUWGCFNRL00012105</subfield>
    <subfield code="r">2022-02-28 00:00:00</subfield>
    <subfield code="t">7</subfield>
    <subfield code="w">2022-02-28</subfield>
    <subfield code="y">BOOKS</subfield>
  </datafield>
  <datafield tag="952" ind1=" " ind2=" ">
    <subfield code="0">0</subfield>
    <subfield code="1">0</subfield>
    <subfield code="2">ddc</subfield>
    <subfield code="4">0</subfield>
    <subfield code="7">0</subfield>
    <subfield code="8">REF</subfield>
    <subfield code="a">004</subfield>
    <subfield code="b">004</subfield>
    <subfield code="c">GEN</subfield>
    <subfield code="d">2022-02-28</subfield>
    <subfield code="l">0</subfield>
    <subfield code="o">674 WAL 1993</subfield>
    <subfield code="p">HUWGCFNRL00012106</subfield>
    <subfield code="r">2022-02-28 00:00:00</subfield>
    <subfield code="t">8</subfield>
    <subfield code="w">2022-02-28</subfield>
    <subfield code="y">BOOKS</subfield>
  </datafield>
  <datafield tag="952" ind1=" " ind2=" ">
    <subfield code="0">0</subfield>
    <subfield code="1">0</subfield>
    <subfield code="2">ddc</subfield>
    <subfield code="4">0</subfield>
    <subfield code="7">0</subfield>
    <subfield code="8">REF</subfield>
    <subfield code="a">004</subfield>
    <subfield code="b">004</subfield>
    <subfield code="c">GEN</subfield>
    <subfield code="d">2022-03-09</subfield>
    <subfield code="o">674 WAL 1993</subfield>
    <subfield code="p">WGCFNRL00012849</subfield>
    <subfield code="r">2022-03-09 00:00:00</subfield>
    <subfield code="t">9</subfield>
    <subfield code="w">2022-03-09</subfield>
    <subfield code="y">BOOKS</subfield>
  </datafield>
  <datafield tag="952" ind1=" " ind2=" ">
    <subfield code="0">0</subfield>
    <subfield code="1">0</subfield>
    <subfield code="2">ddc</subfield>
    <subfield code="4">0</subfield>
    <subfield code="7">0</subfield>
    <subfield code="8">REF</subfield>
    <subfield code="a">004</subfield>
    <subfield code="b">004</subfield>
    <subfield code="c">GEN</subfield>
    <subfield code="d">2022-03-09</subfield>
    <subfield code="o">674 WAL 1993</subfield>
    <subfield code="p">WGCFNRL00012850</subfield>
    <subfield code="r">2022-03-09 00:00:00</subfield>
    <subfield code="t">10</subfield>
    <subfield code="w">2022-03-09</subfield>
    <subfield code="y">BOOKS</subfield>
  </datafield>
  <datafield tag="952" ind1=" " ind2=" ">
    <subfield code="0">0</subfield>
    <subfield code="1">0</subfield>
    <subfield code="2">ddc</subfield>
    <subfield code="4">0</subfield>
    <subfield code="7">0</subfield>
    <subfield code="8">REF</subfield>
    <subfield code="a">004</subfield>
    <subfield code="b">004</subfield>
    <subfield code="c">GEN</subfield>
    <subfield code="d">2022-03-09</subfield>
    <subfield code="o">674 WAL 1993</subfield>
    <subfield code="p">WGCFNRL00012851</subfield>
    <subfield code="r">2022-03-09 00:00:00</subfield>
    <subfield code="t">11</subfield>
    <subfield code="w">2022-03-09</subfield>
    <subfield code="y">BOOKS</subfield>
  </datafield>
  <datafield tag="952" ind1=" " ind2=" ">
    <subfield code="0">0</subfield>
    <subfield code="1">0</subfield>
    <subfield code="2">ddc</subfield>
    <subfield code="4">0</subfield>
    <subfield code="7">0</subfield>
    <subfield code="8">REF</subfield>
    <subfield code="a">004</subfield>
    <subfield code="b">004</subfield>
    <subfield code="c">GEN</subfield>
    <subfield code="d">2022-03-09</subfield>
    <subfield code="l">0</subfield>
    <subfield code="o">674 WAL 1993</subfield>
    <subfield code="p">WGCFNRL00012852</subfield>
    <subfield code="r">2022-03-09 00:00:00</subfield>
    <subfield code="t">12</subfield>
    <subfield code="w">2022-03-09</subfield>
    <subfield code="y">BOOKS</subfield>
  </datafield>
  <datafield tag="952" ind1=" " ind2=" ">
    <subfield code="0">0</subfield>
    <subfield code="1">0</subfield>
    <subfield code="2">ddc</subfield>
    <subfield code="4">0</subfield>
    <subfield code="7">0</subfield>
    <subfield code="8">REF</subfield>
    <subfield code="a">004</subfield>
    <subfield code="b">004</subfield>
    <subfield code="c">GEN</subfield>
    <subfield code="d">2022-03-09</subfield>
    <subfield code="l">0</subfield>
    <subfield code="o">674 WAL 1993</subfield>
    <subfield code="p">WGCFNRL00012853</subfield>
    <subfield code="r">2022-03-09 00:00:00</subfield>
    <subfield code="t">13</subfield>
    <subfield code="w">2022-03-09</subfield>
    <subfield code="y">BOOKS</subfield>
  </datafield>
  <datafield tag="952" ind1=" " ind2=" ">
    <subfield code="0">0</subfield>
    <subfield code="1">0</subfield>
    <subfield code="2">ddc</subfield>
    <subfield code="4">0</subfield>
    <subfield code="7">0</subfield>
    <subfield code="8">REF</subfield>
    <subfield code="a">004</subfield>
    <subfield code="b">004</subfield>
    <subfield code="c">GEN</subfield>
    <subfield code="d">2022-03-09</subfield>
    <subfield code="l">0</subfield>
    <subfield code="o">674 WAL 1993 </subfield>
    <subfield code="p">WGCFNRL00012854</subfield>
    <subfield code="r">2022-03-09 00:00:00</subfield>
    <subfield code="t">14</subfield>
    <subfield code="w">2022-03-09</subfield>
    <subfield code="y">BOOKS</subfield>
  </datafield>
  <datafield tag="952" ind1=" " ind2=" ">
    <subfield code="0">0</subfield>
    <subfield code="1">0</subfield>
    <subfield code="2">ddc</subfield>
    <subfield code="4">0</subfield>
    <subfield code="7">0</subfield>
    <subfield code="8">REF</subfield>
    <subfield code="a">004</subfield>
    <subfield code="b">004</subfield>
    <subfield code="c">GEN</subfield>
    <subfield code="d">2022-03-09</subfield>
    <subfield code="l">0</subfield>
    <subfield code="o">674 WAL 1993</subfield>
    <subfield code="p">WGCFNRL00012855</subfield>
    <subfield code="r">2022-03-09 00:00:00</subfield>
    <subfield code="t">15</subfield>
    <subfield code="w">2022-03-09</subfield>
    <subfield code="y">BOOKS</subfield>
  </datafield>
  <datafield tag="952" ind1=" " ind2=" ">
    <subfield code="0">0</subfield>
    <subfield code="1">0</subfield>
    <subfield code="2">ddc</subfield>
    <subfield code="4">0</subfield>
    <subfield code="7">0</subfield>
    <subfield code="8">REF</subfield>
    <subfield code="a">004</subfield>
    <subfield code="b">004</subfield>
    <subfield code="c">GEN</subfield>
    <subfield code="d">2022-03-09</subfield>
    <subfield code="l">0</subfield>
    <subfield code="o">674 WAL 1993</subfield>
    <subfield code="p">WGCFNRL00012856</subfield>
    <subfield code="r">2022-03-09 00:00:00</subfield>
    <subfield code="t">16</subfield>
    <subfield code="w">2022-03-09</subfield>
    <subfield code="y">BOOKS</subfield>
  </datafield>
  <datafield tag="952" ind1=" " ind2=" ">
    <subfield code="0">0</subfield>
    <subfield code="1">0</subfield>
    <subfield code="2">ddc</subfield>
    <subfield code="4">0</subfield>
    <subfield code="7">0</subfield>
    <subfield code="8">REF</subfield>
    <subfield code="a">004</subfield>
    <subfield code="b">004</subfield>
    <subfield code="c">GEN</subfield>
    <subfield code="d">2022-03-09</subfield>
    <subfield code="l">0</subfield>
    <subfield code="o">674 WAL 1993</subfield>
    <subfield code="p">WGCFNRL00012809</subfield>
    <subfield code="r">2022-03-09 00:00:00</subfield>
    <subfield code="t">17</subfield>
    <subfield code="w">2022-03-09</subfield>
    <subfield code="y">BOOKS</subfield>
  </datafield>
  <datafield tag="952" ind1=" " ind2=" ">
    <subfield code="0">0</subfield>
    <subfield code="1">0</subfield>
    <subfield code="2">ddc</subfield>
    <subfield code="4">0</subfield>
    <subfield code="7">0</subfield>
    <subfield code="8">REF</subfield>
    <subfield code="a">004</subfield>
    <subfield code="b">004</subfield>
    <subfield code="c">GEN</subfield>
    <subfield code="d">2022-03-09</subfield>
    <subfield code="l">0</subfield>
    <subfield code="o">674 WAL 1993</subfield>
    <subfield code="p">WGCFNRL00012810</subfield>
    <subfield code="r">2022-03-09 00:00:00</subfield>
    <subfield code="t">18</subfield>
    <subfield code="w">2022-03-09</subfield>
    <subfield code="y">BOOKS</subfield>
  </datafield>
  <datafield tag="952" ind1=" " ind2=" ">
    <subfield code="0">0</subfield>
    <subfield code="1">0</subfield>
    <subfield code="2">ddc</subfield>
    <subfield code="4">0</subfield>
    <subfield code="7">0</subfield>
    <subfield code="8">REF</subfield>
    <subfield code="a">004</subfield>
    <subfield code="b">004</subfield>
    <subfield code="c">GEN</subfield>
    <subfield code="d">2022-03-09</subfield>
    <subfield code="l">0</subfield>
    <subfield code="o">674 WAL 1993</subfield>
    <subfield code="p">WGCFNRL00012811</subfield>
    <subfield code="r">2022-03-09 00:00:00</subfield>
    <subfield code="t">19</subfield>
    <subfield code="w">2022-03-09</subfield>
    <subfield code="y">BOOKS</subfield>
  </datafield>
  <datafield tag="952" ind1=" " ind2=" ">
    <subfield code="0">0</subfield>
    <subfield code="1">0</subfield>
    <subfield code="2">ddc</subfield>
    <subfield code="4">0</subfield>
    <subfield code="7">0</subfield>
    <subfield code="8">REF</subfield>
    <subfield code="a">004</subfield>
    <subfield code="b">004</subfield>
    <subfield code="c">GEN</subfield>
    <subfield code="d">2022-03-09</subfield>
    <subfield code="l">0</subfield>
    <subfield code="o">674 WAL 1993</subfield>
    <subfield code="p">WGCFNRL00012812</subfield>
    <subfield code="r">2022-03-09 00:00:00</subfield>
    <subfield code="t">20</subfield>
    <subfield code="w">2022-03-09</subfield>
    <subfield code="y">BOOKS</subfield>
  </datafield>
  <datafield tag="952" ind1=" " ind2=" ">
    <subfield code="0">0</subfield>
    <subfield code="1">0</subfield>
    <subfield code="2">ddc</subfield>
    <subfield code="4">0</subfield>
    <subfield code="7">0</subfield>
    <subfield code="8">REF</subfield>
    <subfield code="a">004</subfield>
    <subfield code="b">004</subfield>
    <subfield code="c">GEN</subfield>
    <subfield code="d">2022-03-09</subfield>
    <subfield code="l">0</subfield>
    <subfield code="o">674 WAL 1993</subfield>
    <subfield code="p">WGCFNRL00012813</subfield>
    <subfield code="r">2022-03-09 00:00:00</subfield>
    <subfield code="t">21</subfield>
    <subfield code="w">2022-03-09</subfield>
    <subfield code="y">BOOKS</subfield>
  </datafield>
</record>
